| Tag |
First Indicator |
Second Indicator |
Subfields |
| LEADER |
00000cam a2200000 a 4500 |
| 001 |
in00000378821 |
| 005 |
20151011091854.0 |
| 008 |
780216s1977 gw b 00011 germ |
| 010 |
|
|
|a 77572674
|
| 015 |
|
|
|a GFR***
|
| 020 |
|
|
|a 3472864443
|
| 035 |
|
|
|a (OCoLC)03849051
|
| 035 |
|
|
|9 ABQ7891AM
|
| 040 |
|
|
|a DLC
|c DLC
|d m.c.
|d TXA
|d UtOrBLW
|
| 049 |
|
|
|a TXAM
|d [
|v = Bd.]
|v 1 [1505518]
|v 2 [1505519]
|v 3 [1505520]
|v 4 [1505521]
|v 5 [1505522]
|v 6 [1505523]
|v 7 [1505524]
|v 8 [1505525]
|v 9 [1505526]
|v 10 [1505527]
|
| 050 |
0 |
0 |
|a PT2635
|b .A27 1977
|
| 100 |
1 |
|
|a Seghers, Anna,
|d 1900-1983.
|
| 240 |
1 |
0 |
|a Works.
|f 1977
|
| 245 |
1 |
0 |
|a [Werke in zehn Banden] /
|c Anna Seghers.
|
| 264 |
|
1 |
|a Darmstadt :
|b Luchterhand,
|c [1977]
|
| 264 |
|
4 |
|c ©1977
|
| 300 |
|
|
|a 10 volumes ;
|c 18 cm.
|
| 336 |
|
|
|a text
|b txt
|2 rdacontent
|
| 337 |
|
|
|a unmediated
|b n
|2 rdamedia
|
| 338 |
|
|
|a volume
|b nc
|2 rdacarrier
|
| 504 |
|
|
|a Bibliography: volume 10, pages 229-[235].
|
| 505 |
0 |
|
|a Bd. 1. Aufstand der Fischer von St. Barbara. Die Gefahrten -- Bd. 2. Die Rettung -- Bd. 3. Das siebte Kreuz -- Bd. 4. Transit -- Bd. 5. Die Toten bleiben jung 1 -- Bd. 6. Die Toten bleiben jung 2 -- Bd. 7. Die Entscheidung -- Bd. 8. Das Vertrauen -- Bd. 9. Erzahlungen 1 -- Bd. 10. Erzahlungen 2.
|
| 999 |
|
|
|a MARS
|
| 999 |
f |
f |
|s e1be5f74-2a0b-32a7-aa5c-2c522575d3d0
|i 8c67f571-d066-3196-aeec-8b27fb860c39
|t 0
|
| 952 |
f |
f |
|p normal
|a Texas A&M University
|b College Station
|c Sterling C. Evans Library
|d Evans: Library Stacks
|t 0
|e PT2635 .A27 1977
|h Library of Congress classification
|i unmediated -- volume
|k Bd.7
|m A14807541826
|
| 952 |
f |
f |
|p normal
|a Texas A&M University
|b College Station
|c Sterling C. Evans Library
|d Evans: Library Stacks
|t 0
|e PT2635 .A27 1977
|h Library of Congress classification
|i unmediated -- volume
|k Bd.4
|m A14807541648
|
| 952 |
f |
f |
|p normal
|a Texas A&M University
|b College Station
|c Sterling C. Evans Library
|d Evans: Library Stacks
|t 0
|e PT2635 .A27 1977
|h Library of Congress classification
|i unmediated -- volume
|k Bd.8
|m A14807541884
|
| 952 |
f |
f |
|p normal
|a Texas A&M University
|b College Station
|c Sterling C. Evans Library
|d Evans: Library Stacks
|t 0
|e PT2635 .A27 1977
|h Library of Congress classification
|i unmediated -- volume
|k Bd.1
|m A14807541460
|
| 952 |
f |
f |
|p normal
|a Texas A&M University
|b College Station
|c Sterling C. Evans Library
|d Evans: Library Stacks
|t 0
|e PT2635 .A27 1977
|h Library of Congress classification
|i unmediated -- volume
|k Bd.3
|m A14807541583
|
| 952 |
f |
f |
|p normal
|a Texas A&M University
|b College Station
|c Sterling C. Evans Library
|d Evans: Library Stacks
|t 0
|e PT2635 .A27 1977
|h Library of Congress classification
|i unmediated -- volume
|k Bd.10
|m A14807521177
|
| 952 |
f |
f |
|p normal
|a Texas A&M University
|b College Station
|c Sterling C. Evans Library
|d Evans: Library Stacks
|t 0
|e PT2635 .A27 1977
|h Library of Congress classification
|i unmediated -- volume
|k Bd.5
|m A14807541703
|
| 952 |
f |
f |
|p normal
|a Texas A&M University
|b College Station
|c Sterling C. Evans Library
|d Evans: Library Stacks
|t 0
|e PT2635 .A27 1977
|h Library of Congress classification
|i unmediated -- volume
|k Bd.6
|m A14807541761
|
| 952 |
f |
f |
|p normal
|a Texas A&M University
|b College Station
|c Sterling C. Evans Library
|d Evans: Library Stacks
|t 0
|e PT2635 .A27 1977
|h Library of Congress classification
|i unmediated -- volume
|k Bd.9
|m A14807541949
|
| 952 |
f |
f |
|p normal
|a Texas A&M University
|b College Station
|c Sterling C. Evans Library
|d Evans: Library Stacks
|t 0
|e PT2635 .A27 1977
|h Library of Congress classification
|i unmediated -- volume
|k Bd.2
|m A14807541525
|
| 998 |
f |
f |
|a PT2635 .A27 1977
|s Bd.1-Bd.10
|t 0
|l Evans: Library Stacks
|